<?xml version="1.0" encoding="UTF-8"?><?xml-stylesheet type="text/xsl" href="static/style.xsl"?><OAI-PMH xmlns="http://www.openarchives.org/OAI/2.0/" xmlns:xsi="http://www.w3.org/2001/XMLSchema-instance" xsi:schemaLocation="http://www.openarchives.org/OAI/2.0/ http://www.openarchives.org/OAI/2.0/OAI-PMH.xsd"><responseDate>2026-06-01T16:38:14Z</responseDate><request verb="GetRecord" identifier="oai:riuma.uma.es:10630/6673" metadataPrefix="marc">https://riuma.uma.es/rest/oai/request</request><GetRecord><record><header><identifier>oai:riuma.uma.es:10630/6673</identifier><datestamp>2026-02-03T12:31:39Z</datestamp><setSpec>com_10630_2254</setSpec><setSpec>col_10630_37959</setSpec></header><metadata><record xmlns="http://www.loc.gov/MARC21/slim" xmlns:dcterms="http://purl.org/dc/terms/" xmlns:doc="http://www.lyncode.com/xoai" xmlns:xsi="http://www.w3.org/2001/XMLSchema-instance" xsi:schemaLocation="http://www.loc.gov/MARC21/slim http://www.loc.gov/standards/marcxml/schema/MARC21slim.xsd">
   <leader>00925njm 22002777a 4500</leader>
   <datafield ind2=" " ind1=" " tag="042">
      <subfield code="a">dc</subfield>
   </datafield>
   <datafield ind2=" " ind1=" " tag="720">
      <subfield code="a">Podadera-Rivera, Pablo</subfield>
      <subfield code="e">author</subfield>
   </datafield>
   <datafield ind2=" " ind1=" " tag="260">
      <subfield code="c">2013-11-26</subfield>
   </datafield>
   <datafield ind2=" " ind1=" " tag="520">
      <subfield code="a">La crisis actual tanto, en la Unión Europea como en la Zona Euro o Unión Económica y Monetaria (UEM),  se debe a una gran multitud de causas, cada una de las cuales ha ido provocando sus propios síntomas. Uno de los principales motivos de la crisis ha sido el fracaso de los mercados financieros, por lo que la estabilidad financiera en la UEM requiere de un marco global que implica avanzar hacia una unión bancaria. La presente contribución pretende aportar un decálogo de aportaciones de la puesta en marcha de la unión bancaria al perfeccionamiento de la UEM y, por ende, a la salida de la actual crisis en la zona euro, en particular, y en la UE, en general, así como de previsión de futuras crisis</subfield>
   </datafield>
   <datafield ind1="8" ind2=" " tag="024">
      <subfield code="a">http://hdl.handle.net/10630/6673</subfield>
   </datafield>
   <datafield tag="653" ind2=" " ind1=" ">
      <subfield code="a">Uniones monetarias</subfield>
   </datafield>
   <datafield tag="653" ind2=" " ind1=" ">
      <subfield code="a">Crisis económicas</subfield>
   </datafield>
   <datafield ind2="0" ind1="0" tag="245">
      <subfield code="a">La unión bancaria europea: Un decálogo de aportaciones a la consolidación de la UEM y a la salida de la crisis</subfield>
   </datafield>
</record>
</metadata></record></GetRecord></OAI-PMH>